Corrigendum
| Subtitles: | Book List 2020 |
|---|---|
| Format: | Electronic Article |
| Language: | English |
| Check availability: | HBZ Gateway |
| Interlibrary Loan: | Interlibrary Loan for the Fachinformationsdienste (Specialized Information Services in Germany) |
| Published: |
[2020]
|
| In: |
Journal for the study of the Old Testament
Year: 2020, Volume: 44, Issue: 5 |
| IxTheo Classification: | HB Old Testament |
| Online Access: |
Presumably Free Access Volltext (lizenzpflichtig) Volltext (lizenzpflichtig) |
MARC
| LEADER | 00000caa a2200000 c 4500 | ||
|---|---|---|---|
| 001 | 1728061725 | ||
| 003 | DE-627 | ||
| 005 | 20210328174758.0 | ||
| 007 | cr uuu---uuuuu | ||
| 008 | 200831s2020 xx |||||o 00| ||eng c | ||
| 024 | 7 | |a 10.1177/0309089219899367 |2 doi | |
| 035 | |a (DE-627)1728061725 | ||
| 035 | |a (DE-599)KXP1728061725 | ||
| 040 | |a DE-627 |b ger |c DE-627 |e rda | ||
| 041 | |a eng | ||
| 084 | |a 1 |2 ssgn | ||
| 245 | 0 | 0 | |a Corrigendum |
| 246 | 1 | |i Rubrikentitel |a Book List 2020 | |
| 264 | 1 | |c [2020] | |
| 336 | |a Text |b txt |2 rdacontent | ||
| 337 | |a Computermedien |b c |2 rdamedia | ||
| 338 | |a Online-Ressource |b cr |2 rdacarrier | ||
| 652 | |a HB | ||
| 773 | 0 | 8 | |i Enthalten in |t Journal for the study of the Old Testament |d London [u.a.] : Sage, 1976 |g 44(2020), 5 |h Online-Ressource |w (DE-627)34135550X |w (DE-600)2068281-5 |w (DE-576)10337356X |x 1476-6728 |7 nnas |
| 773 | 1 | 8 | |g volume:44 |g year:2020 |g number:5 |
| 856 | |u https://journals.sagepub.com/doi/pdf/10.1177/0309089219899367 |x unpaywall |z Vermutlich kostenfreier Zugang |h publisher [deprecated] | ||
| 856 | 4 | 0 | |u https://journals.sagepub.com/doi/full/10.1177/0309089219899367 |x Verlag |z lizenzpflichtig |3 Volltext |7 1 |
| 856 | 4 | 0 | |u https://doi.org/10.1177/0309089219899367 |x Resolving-System |z lizenzpflichtig |3 Volltext |7 1 |
| 935 | |a BIIN | ||
| 951 | |a AR | ||
| BIB | |a 1 | ||
| ELC | |a 1 | ||
| ITA | |a 1 |t 1 | ||
| LOK | |0 000 xxxxxcx a22 zn 4500 | ||
| LOK | |0 001 374460702X | ||
| LOK | |0 003 DE-627 | ||
| LOK | |0 004 1728061725 | ||
| LOK | |0 005 20200831110730 | ||
| LOK | |0 008 200831||||||||||||||||ger||||||| | ||
| LOK | |0 040 |a DE-Tue135 |c DE-627 |d DE-Tue135 | ||
| LOK | |0 092 |o n | ||
| LOK | |0 852 |a DE-Tue135 | ||
| LOK | |0 852 1 |9 00 | ||
| LOK | |0 935 |a ixzs |a ixzo | ||
| LOK | |0 939 |a 31-08-20 |b l01 | ||
| LOK | |0 000 xxxxxcx a22 zn 4500 | ||
| LOK | |0 001 3840543800 | ||
| LOK | |0 003 DE-627 | ||
| LOK | |0 004 1728061725 | ||
| LOK | |0 005 20210328174038 | ||
| LOK | |0 008 210121||||||||||||||||ger||||||| | ||
| LOK | |0 040 |a DE-Tue135-1 |c DE-627 |d DE-Tue135-1 | ||
| LOK | |0 852 |a DE-Tue135-1 | ||
| LOK | |0 852 1 |m p |9 00 | ||
| LOK | |0 852 2 |b www |9 00 | ||
| LOK | |0 85640 |u https://bibsearch.uibk.ac.at/permalink/f/1po5meu/UIB_alma51227423510003333 | ||
| LOK | |0 935 |a inzs | ||
| LOK | |0 936ln |0 1442044128 |a HB | ||
| LOK | |0 938 |k p | ||
| LOK | |0 939 |a 21-01-21 |b l01 | ||
| OAS | |a 1 | ||
| ORI | |a SA-MARC-ixtheoa001.raw | ||
| SUB | |a BIB | ||